| 000 | 01088nam a2200313 4500 | ||
|---|---|---|---|
| 001 | 147970 | ||
| 003 | ES-MaACL | ||
| 005 | 20250728110243.0 | ||
| 007 | t| | ||
| 008 | 070214s1985 sp r ||||1| spa d | ||
| 020 | _a84-309-1212-6 | ||
| 080 | _a21(02)"16" | ||
| 080 | _a211.5(02)"16" | ||
| 080 | _a321.01(02)"16" | ||
| 100 | 1 |
_aSpinoza, Benedictus de _9107750 |
|
| 245 | 1 | 0 |
_aTratado teológico-político : _b(selección) ; Tratado político / _cBenedictus de Spinoza ; estudio preliminar y traducción de Enrique Tierno Galván. |
| 246 | 3 | _aTratado político | |
| 250 | _a2ª ed. en "Clásicos del pensamiento". | ||
| 260 |
_aMadrid : _bTecnos, _c1985. |
||
| 300 |
_aXVI, 262 p. ; _c18 cm. |
||
| 490 | 1 |
_aClásicos del pensamiento ; _v10 |
|
| 650 | 7 |
_aReligión y filosofía _2embne _916811 |
|
| 650 | 4 |
_aLibrepensamiento. _914423 |
|
| 650 | 4 |
_aPolítica- _xFilosofía- _yS.XVII. _916278 |
|
| 700 | 1 |
_aTierno Galván, Enrique, _d1918-1986 _9110235 |
|
| 830 | 1 | 0 |
_aClásicos del pensamiento _v10 _9177261 |
| 852 | 4 |
_aES-MaACL _jL-11956 |
|
| 999 |
_c147970 _d147970 |
||